A people`s history of India : (Record no. 10337)

MARC details
000 -LEADER
fixed length control field 00609cam a2200193ua 4500
008 - FIXED-LENGTH DATA ELEMENTS--GENERAL INFORMATION
fixed length control field 190926n ii |||gr||||Z||||||eng
020 ## - INTERNATIONAL STANDARD BOOK NUMBER
International Standard Book Number 9788189487532
040 ## - CATALOGING SOURCE
Transcribing agency MAIN
082 ## - DEWEY DECIMAL CLASSIFICATION NUMBER
Classification number 934
100 ## - MAIN ENTRY--PERSONAL NAME
Personal name Irfan habib . ,
Relator term
245 ## - TITLE STATEMENT
Title A people`s history of India :
Remainder of title the Indus civilization : including other copper age cultures and history of language change till c. 1500 BC /
Statement of responsibility, etc. By Irfan habib .
250 ## - EDITION STATEMENT
Edition statement 11th ed /
Remainder of edition statement Vol. 2.
260 ## - PUBLICATION, DISTRIBUTION, ETC.
Place of publication, distribution, etc. New Delhi:
Name of publisher, distributor, etc. Tulika Books,
Date of publication, distribution, etc. 2018.
300 ## - PHYSICAL DESCRIPTION
Extent 111p.
942 ## - ADDED ENTRY ELEMENTS (KOHA)
Koha item type Books
653 ## - INDEX TERM--UNCONTROLLED
Uncontrolled term India to 647
653 ## - INDEX TERM--UNCONTROLLED
Uncontrolled term The Indus civilization
Holdings
Withdrawn status Lost status Damaged status Not for loan Home library Current library Shelving location Date acquired Total Checkouts Full call number Barcode Date last seen Copy number Price effective from Koha item type
        Central Library, Naharkatiya College Central Library, Naharkatiya College General Stacks 19/09/2020   934History of India | HAB 27162 19/09/2020 1 19/09/2020 Books
        Central Library, Naharkatiya College Central Library, Naharkatiya College General Stacks 19/09/2020   934History of India | HAB 27163 19/09/2020 2 19/09/2020 Books

Naharkatiya College © 2020. All rights reserved.

Powered By